| 000 | 00377 a2200157 4500 | ||
|---|---|---|---|
| 001 | 46797 | ||
| 020 | _a9788563877116 | ||
| 040 | _cAnchieta - Aquarius | ||
| 100 | _aFerreira, Hellenice de Souza | ||
| 240 | 1 | 0 |
_aUm menino chamado Negrinho _lpor |
| 245 | 1 | 0 | _aUm menino chamado Negrinho |
| 300 | _a40 | ||
| 362 | 0 | _a2011 | |
| 650 | 4 | _aLiteratura infanto-juvenil | |
| 942 | _cBK | ||
| 999 |
_c46797 _d46797 |
||